| 000 | 00346 a2200145 4500 | ||
|---|---|---|---|
| 001 | 181451 | ||
| 020 | _a | ||
| 040 | _cMagnum | ||
| 100 | _aRodrigues, Maria Lucia | ||
| 240 | 1 | 0 |
_aO trabalho com grupos e o servico social _lpor |
| 245 | 1 | 0 | _aO trabalho com grupos e o servico social |
| 362 | 0 | _a1899 | |
| 697 | _aMAGNITO: GERAL | ||
| 942 | _cBK | ||
| 999 |
_c181451 _d181451 |
||